| 000 | 00764nam a2200241 i 4500 | ||
|---|---|---|---|
| 001 | bg | ||
| 100 | 1 | _aGRACZYK, Magdalena | |
| 245 | 1 | 0 |
_aZarządzanie proekologiczne / _cMagdalena Graczyk. |
| 260 |
_aZielona Góra : _bWydaw. PZ, _c1999. |
||
| 300 |
_a276, [2] s. : _bil., mapy, err. ; _c24 cm. |
||
| 490 | 1 |
_aMonografie / [Politechnika Zielonogórska], _x0239-7390 ; _vnr 91 |
|
| 504 | _aBibliogr. | ||
| 650 | 9 |
_aŚrodowisko człowieka _xhigiena i ochrona _xzarządzanie |
|
| 655 | _aPodręczniki akademickie | ||
| 830 | 0 |
_aMonografie ([Politechnika Zielonogórska]) ; _vnr 91 |
|
| 020 | _a8385911855 | ||
| 040 | _cBPK | ||
| 041 | 0 | _apl | |
| 080 | _a504.06(075.8) | ||
| 920 | _a83-85911-85-5 | ||
| 942 | _cKS | ||
| 008 | s pl f |000 0 pol | ||
| 999 |
_c38063 _d38063 |
||
| 856 |
_uhttp://koha.tu.koszalin.pl/cgi-bin/koha/opac-detail.pl?biblionumber=38063 _yKatalog online BPK |
||